Biggest Chinese Cities Starting with F - Statistics

General Stats
  • This quiz has been taken 9 times
  • The average score is 7 of 20
Answer Stats
Population Province City % Correct
3,723,454 Fujian Fuzhou
100%
663,329 Jiangxi Fuzhou
100%
9,042,509 Guangdong Foshan
78%
1,191,810 Anhui Fuyang
78%
1,228,890 Liaoning Fushun
67%
699,855 Liaoning Fuxin
44%
504,761 Jiangsu Feng
33%
744,774 Fujian Fuqing
33%
381,945 Henan Fangcheng
22%
416,752 Guangxi Fangchenggang
22%
501,475 Jiangxi Fengcheng
22%
387,467 Shandong Fei
11%
600,866 Shandong Feicheng
11%
601,520 Anhui Feidong
11%
612,477 Anhui Feixi
11%
368,869 Chongqing Fengjie
11%
397,068 Fujian Fu'an
11%
351,341 Fujian Fuding
11%
801,151 Chongqing Fuling
11%
465,096 Jiangsu Funing
11%
No matching quizzes found
Score Distribution
Percent of People with Each Score
Percentile by Number Answered
Your Score History
You have not taken this quiz